000 00323nam a2200133Ia 4500
008 231129s9999||||xx |||||||||||||| ||spa||
020 _a84-345-8159-0
040 _bspa
082 _a920 P949d
100 _aPriestley J.B.
245 0 _aDickens
264 _aSalvat
942 _2ddc
_cBKS
999 _c9512
_d9512